000 02005cam a22005051i 4500
001 21579
003 VRT
005 20260306102810.0
008 240315s2009 xo a b 000 j slo
020 _a9788081150173
_q(viaz.)
035 _a6B077A35-2CF7-4215-B498-FF17BC3037B8
035 _aurn:nbn:sk:snk-amka0f
035 _aurn:nbn:sk:snk-am008apg
039 9 _a202510291425
_bmsnk115
_c202410030545
_dAUTHORITY
_c202403251326
_dAUTHORITY
_c202403251323
_dAUTHORITY
040 _aSVKBB
_bslo
_cSVKBB
_dSNK
_eAACR2
041 0 _aslo
044 _axo
_cSK
072 7 _a821.162.4-3
_xSlovenská próza
_2konspekt
072 7 _a821-93
_xLiteratúra pre deti a mládež
_2konspekt
080 _a821.162.4-34
_22001
080 _a821-93
_22001
100 1 _aSliacky, Ondrej,
_d1941-
_4aut
245 1 0 _aZakliata hora
_cnajkrajšie rozprávky Pavla Dobšinského pre deti upravil Ondrej Sliacky ; ilustroval Juraj Martiška
_n(2.zväzok)
250 _a[1. vyd.]
260 _aMartin
_bVydavateľstvo Matice slovenskej
_c2009
300 _a199 s.
_bfareb. ilustr.
_c24 cm
500 _aRok ilustrácie 2009
650 7 _aakvarel
_2BINPH
650 7 _atuš
_2BINPH
650 7 _amaľba temperou
_2BINPH
655 7 _aslovenské rozprávky
_2SNKPH
655 7 _aSlovak fairy tales
_2SNKPH
700 1 _aMartiška, Juraj,
_d1969-
_4ill
700 1 _aDobšinský, Pavol,
_d1828-1885
_4aut
711 2 _aBienále ilustrácií Bratislava
_n(23. :
_d2011 :
_cBratislava, Slovensko).
_4aut
942 _2ddc
_cKLDE
_n0
949 _6273K0514921
_asvkpoB 83543
_bsvkpo524598
949 _63870A21420
_abinIL 0930
_bbin21420
949 _62889169498
_asavukPV 14516
_bsavuk2011/1719
949 _63870A22592
_abinBIB 11/362
_bbin22592
949 _6270001000354388
_asvkbbB 50019
_bsvkbbm 706490
949 _617A0649374
_asnkSC 139239/2
_bsnk2010/4907
_o718/10
949 _617A0649375
_asnkSC 139239/2 D1
_bsnk2010/4908
_o718/10
_pDigitalizovaný
_s6100:20140925
999 _c21579
_d21579